00626nam a22002057a 4500003001100000005001700011008004100028020001600069040003900085041000800124082001300132100001900145245007000164260002600234300001500260650003500275942000700310952008800317999001500405LK-CoMWRAF20240701141903.0240626b2001 |||||||| |||| 00| 0 eng d a 9559734504 aLK-CoMWRAFdLK-CoMWRAFeLK-CoMWRAF aeng a598bSAR aSaram, Sita De aLet's look at our birds:ba child's introduction to bird watching aColombo:bHSBC,c2001 a55 p.,ill. aBIRD WATCHING-Pictorial guides cBK 00104070aMAINbMAINd2024-06-26l0o598 SARpRAF5323r2024-06-26w2024-06-26yBK c4944d4944